Statystyki dla Raperzy (Łatwy)

Kliknij tutaj aby rozwiązać quiz!

Ogólne statystyki

  • Ten quiz został rozwiązany 2 128 razy
  • Średni wynik to 8 z 10

Statystyki odpowiedzi

PodpowiedźOdpowiedź% Poprawnych
Bardzo popularny młody raper. Jego rodzice są bardzo bogaci .Nagrał utwory ,które są innego rodzaju. Napisał piosenki o tytułach np. Schodki,Mata MontanaMata
93%
Polski raper i autor tekstów, założyciel zeu 2115 Ganspołg. Raper sprzedał w Polsce ponad 45 tys. płyt. Muzyk należy do wytwórni SBM LabelBedoes
92%
Kuba Grabowski – polski raper, piosenkarz, autor tekstów. Członek duetów Yochimu oraz Taconafide. Muzyk sprzedał w Polsce ponad 350 tys. płyt co czyni go jednym z najlepiej sprzedających się raperów w Polsce. Największy sukces osiągnął wspólny album z Taco Hemingwayem.Quebonafide
90%
Wystąpił w 6 edycji Młodych Wilków w 2018.. W tym samym roku nagrał i wydał singiel „Język ciała”, zapowiadający album Klubowe, który nagrał w duecie z Big Scythe. Jest młodym wykonawcą.Tymek
90%
Lubi palić papierosy.Członek zespołu 2115 Gang.Ma na imię Sebastian.white 2115
90%
Urodził się w stolicy Egiptu. Stworzył duet Taconafide. Nagrał najpopularniejszą piosenkę lata 2017 pod tytułem Tamagochi.Taco Hemingway
83%
Polski wykonawca trapu i autor tekstów. Członek wytwórni Young Family Label. Zaczynał od gry w minecrafta.Young Multi
82%
Muzyk należy do wytwórni B.O.R. Records.Jego popularnymi piosenkami są : Hinata,Oddajemy krew wampirom.Szpaku
80%
Polski raper i autor tekstów. Muzyk należy do wytwórni QueQuality. Ma 27 lat. Jego najpopularniejszą piosenką jest np. Płuca zlepione topami i Tatuaże z Henny.Guzior
78%
Od 2004 roku prowadzi solową działalność artystyczną. Raper pochodz z poznańskiego Piątkowa. Ma 34 lata i starsi słuchacze rapu mogą znać jego piosenki.Paluch
54%

Rozkład punktacji

Percentyl według liczby udzielonych odpowiedzi

Procent ludzi z każdym wynikiem

Twoja historia wyników

Nie rozwiązałeś tego quizu